000 00997nam a22001817a 4500
003 OSt
005 20251215100922.0
008 251215b |||||||| |||| 00| 0 eng d
040 _cDCL
082 _a၂၉၄.၃၈၂၃၅၆
100 0 _aဓမ္မဿာမီဘိဝံသ၊
_cအရှင်။
130 _aတိပိဋက။
_pသုတ္တန္တပိဋက။
_pခုဒ္ဒကနိကာယ။
_tထေရီအပဒါန်၊
_lပါဠိတော်၊
_sနိဿယ။
245 1 _aထေရီအပဒါန်ဝတ္ထုတော်ကြီး /
_cအရှင်ဓမ္မဿာမီဘိဝံသ။
264 _aရန်ကုန် ၊
_bခင်ချိုထွန်းစာပေ၊
_c၂၀၁၀။
300 _aည၊ ၅၅၃ စာမျက်နှာ ၊
_c၂၆ စင်တီ။
650 _aထေရီအပါဒါန်ဝတ္ထုတော်ကြီး။
942 _2ddc
_cSHORT TERM
_n0
999 _c2708
_d2708